000 01091nam a2200301 a 4500
001 000113123
003 CHAP
005 20220329144339.0
008 170426s2016 mx a fsm |||||||spa d
010 _a109584
011 _a110556
040 _cCHAP
090 _aTesis
100 1 _aMartínez Campos, Ana Laura
_9132030
245 1 0 _aEtnobotánica en el municipio de Santa María Tlahuitoltepec, Ayuujk (Mixe), Oaxaca /
_h[En línea]
_cpor Ana Laura Martínez Campos.
260 _aChapingo, Méx. :
_bEl autor,
_c2016.
500 _aPara ver el contenido del material haga clic en la liga
502 _aTesis (Ing. en Recuros Naturales Renovables) -- UACH. Departamento de Suelos
590 _aE8697GMM
_b05
_c20170426
_lUCH01
_h1204
590 _aE8697GMM
_b05
_c20170426
_lUCH01
_h1207
650 1 4 _aBotánica
_xCatálogos y colecciones.
_914511
650 1 4 _aMixes
_xVida social y costumbres.
_9128188
650 1 4 _aPlantas
_xNomenclatura.
_988871
856 _aFinding aid
_uhttp://10.13.5.2/tesis/sist113123.pdf
_zTeclea aquí
901 _aBK
942 _cTESIS
942 _n0
999 _c109584
_d109584